000 00595 a2200181 4500
999 _c2159
_d2159
020 _a9780071263436
050 _aHF 5415 DWY 2009
100 _aDwyer, Robert. F
_eauthor
245 _aBusiness marketing :
_bconnecting strategy, relationships, and learning /
_cF Robert Dwyer and John F Tanner
250 _a4th ed.
264 _aBoston :
_b McGraw-Hill Irwin,
_c2009
300 _axxv. 678p. :
_bill.(col.) .
500 _aincludes index
650 _aMarketing.
651 _a Business-to-Business-Marketing.
700 _aJohn, F Tanner
_eauthor
942 _2lcc
_cBK
_e4th ed.
_h5415
_iDWY
_kHF